[Event "British Rapidplay"]
[Site "Peterborough"]
[Date "2024.03.03"]
[Round "11"]
[White "Yu, Rock"]
[Black "Pickard, Charles W"]
[Result "1-0"]
[WhiteElo "1905"]
[BlackElo "2121"]
[PlyCount "67"]
[EventDate "2024.03.02"]
[EventType "swiss (rapid)"]
[EventRounds "11"]
[EventCountry "ENG"]
[SourceTitle "CB10_2024"]
[SourceDate "2024.03.06"]
[SourceVersion "1"]
[SourceVersionDate "2024.03.06"]
[SourceQuality "1"]

1. c4 c5 2. Nc3 Nc6 3. g3 g6 4. Bg2 Bg7 5. e4 d6 6. Nge2 h5 7. h3 e6 8. d3 Nge7 9. 0-0 0-0 10. Rb1 a5 11. f4 Rb8 12. a3 Bd7 13. Kh2 f5 14. Be3 e5 15. Qd2 Nd4 16. b4 Nxe2 17. Nxe2 axb4 18. axb4 b6 19. b5 Ra8 20. exf5 Nxf5 21. Bxa8 Qxa8 22. fxe5 dxe5 23. Nc3 h4 24. g4 Ng3 25. Rxf8+ Qxf8 26. Qg2 e4 27. Nxe4 Be5 28. Nxg3 Bxg3+ 29. Kg1 Qe7 30. Bf2 Bd6 31. Re1 Qf6 32. Kh1 Kh7 33. Kg1 Bc8 34. Qc6 1-0

[Event "Cambridge op 2nd"]
[Site "Cambridge"]
[Date "2024.02.23"]
[Round "8"]
[White "Hagesaether, Nina"]
[Black "Yu, Rock"]
[Result "0-1"]
[WhiteElo "1973"]
[BlackElo "1817"]
[PlyCount "106"]
[EventDate "2024.02.19"]
[EventType "swiss"]
[EventRounds "9"]
[EventCountry "ENG"]
[SourceTitle "CB09_2024"]
[SourceDate "2024.02.28"]
[SourceVersion "1"]
[SourceVersionDate "2024.02.28"]
[SourceQuality "1"]

1. d4 d6 2. c4 e5 3. dxe5 dxe5 4. Qxd8+ Kxd8 5. Nc3 Be6 6. b3 c6 7. Bb2 Nd7 8. Nf3 f6 9. e3 Kc7 10. Be2 g5 11. h3 Ne7 12. 0-0-0 Ng6 13. g4 Be7 14. Ne4 a5 15. Nfd2 a4 16. Kc2 Rhd8 17. Nb1 Nh4 18. Nbc3 axb3+ 19. axb3 Bf7 20. Ra1 Rxa1 21. Rxa1 Bg6 22. Bd3 Nb8 23. Rd1 Na6 24. Kc1 Bb4 25. Bc2 Rf8 26. Ng3 Be7 27. Nce4 Nb8 28. Kd2 Nd7 29. Ke2 f5 30. gxf5 Nxf5 31. Rc1 h5 32. Bd3 h4 33. Nf1 Bh5+ 34. Kd2 Nd6 35. Ke1 Bf3 36. Nxd6 Bxd6 37. Be2 Bg2 38. Bg4 Nc5 39. Rb1 Nd3+ 40. Ke2 e4 41. f4 gxf4 42. exf4 Nxf4+ 43. Ke3 Nxh3 44. Nd2 Nf2 45. Be6 h3 46. Bg7 Re8 47. Kxf2 Bc5+ 48. Ke2 Rxe6 49. Nf1 Bf3+ 50. Ke1 e3 51. Bc3 Bd6 52. c5 Bf4 53. Rb2 e2 0-1

[Event "Cambridge op 2nd"]
[Site "Cambridge"]
[Date "2024.02.19"]
[Round "1"]
[White "Yu, Rock"]
[Black "Volovich, Julia"]
[Result "0-1"]
[WhiteElo "1817"]
[BlackElo "1983"]
[PlyCount "80"]
[EventDate "2024.02.19"]
[EventType "swiss"]
[EventRounds "9"]
[EventCountry "ENG"]
[SourceTitle "CB09_2024"]
[SourceDate "2024.02.28"]
[SourceVersion "1"]
[SourceVersionDate "2024.02.28"]
[SourceQuality "1"]

1. c4 c5 2. Nc3 Nf6 3. g3 d5 4. cxd5 Nxd5 5. Bg2 Nc7 6. Nf3 Nc6 7. 0-0 e5 8. d3 Be7 9. Be3 Bd7 10. Rc1 Rb8 11. a3 0-0 12. Ne1 Ne6 13. Nd5 Ned4 14. Bxd4 cxd4 15. Nxe7+ Qxe7 16. Qd2 Rbc8 17. Nc2 b6 18. Nb4 Na5 19. Rxc8 Rxc8 20. Rc1 Rxc1+ 21. Qxc1 Qc5 22. Qxc5 bxc5 23. Na6 c4 24. dxc4 Nxc4 25. Nc5 Bf5 26. f4 exf4 27. gxf4 Nxb2 28. Bd5 Nd1 29. Nb3 Ne3 30. Bf3 Nc2 31. a4 Kf8 32. Bd5 Ke7 33. Na5 Nb4 34. Bf3 Bc2 35. Nc6+ Nxc6 36. Bxc6 Kd6 37. Be8 f6 38. Kf2 Kc5 39. a5 Kb4 40. a6 Ka5 0-1

[Event "ENG-ch U12"]
[Site "Torquay"]
[Date "2022.08.12"]
[Round "7"]
[White "Catabay, Mae Katelyn Rose"]
[Black "Yu, Rock"]
[Result "1-0"]
[WhiteElo "1401"]
[BlackElo "1409"]
[PlyCount "73"]
[EventDate "2022.08.08"]
[EventType "swiss"]
[EventRounds "7"]
[EventCountry "ENG"]
[SourceTitle "EXT 2023"]
[Source "ChessBase"]
[SourceDate "2022.10.05"]
[SourceVersion "1"]
[SourceVersionDate "2022.10.05"]
[SourceQuality "1"]

1. d4 d6 2. c4 e5 3. e3 f5 4. dxe5 dxe5 5. Qxd8+ Kxd8 6. Nc3 c6 7. Bd2 Be7 8. e4 Nf6 9. Nge2 Na6 10. 0-0-0 Kc7 11. exf5 Bxf5 12. Ng3 Bg6 13. f4 Bd6 14. f5 Bf7 15. Nce4 Be7 16. Bc3 Nd7 17. Be2 Rad8 18. Rhf1 Bf6 19. Nxf6 gxf6 20. Ne4 Nac5 21. Nxf6 Kc8 22. Nxd7 Nxd7 23. b3 Rdg8 24. Rxd7 Kxd7 25. Bxe5 Re8 26. Rd1+ Kc8 27. Bxh8 Rxe2 28. Rd2 Re1+ 29. Kb2 h5 30. a3 h4 31. Bf6 h3 32. g4 Rg1 33. g5 Rf1 34. g6 Rxf5 35. Rd8+ Kc7 36. gxf7 Rxf6 37. f8Q 1-0

[Event "ENG-ch U12"]
[Site "Torquay"]
[Date "2022.08.09"]
[Round "2"]
[White "Steiners, Emils"]
[Black "Yu, Rock"]
[Result "1-0"]
[WhiteElo "1686"]
[BlackElo "1409"]
[PlyCount "95"]
[EventDate "2022.08.08"]
[EventType "swiss"]
[EventRounds "7"]
[EventCountry "ENG"]
[SourceTitle "EXT 2023"]
[Source "ChessBase"]
[SourceDate "2022.10.05"]
[SourceVersion "1"]
[SourceVersionDate "2022.10.05"]
[SourceQuality "1"]

1. d4 d6 2. c4 e5 3. d5 f5 4. Nc3 Nf6 5. Bg5 Be7 6. Qd2 Na6 7. h4 h6 8. Bxf6 Bxf6 9. h5 Qe7 10. e3 Bd7 11. Nf3 0-0-0 12. Be2 Rdg8 13. 0-0-0 g5 14. Ne1 Qg7 15. Nc2 Nc5 16. Kb1 Na4 17. Nxa4 Bxa4 18. b3 Bd7 19. Qa5 Kb8 20. Nb4 Qe7 21. Nc2 g4 22. b4 b6 23. Qa3 Qe8 24. b5 e4 25. g3 Rg5 26. Nb4 Rxh5 27. Rxh5 Qxh5 28. Na6+ Kb7 29. Nxc7 Be5 30. c5 dxc5 31. d6 Rc8 32. Qa6+ Kb8 33. Nd5 Qf7 34. Nxb6 axb6 35. Qxb6+ Ka8 36. Qa6+ Kb8 37. b6 Bb5 38. Bxb5 Qb7 39. Qa5 Rd8 40. d7 Qa8 41. Qxa8+ Kxa8 42. Bc6+ Kb8 43. Rd5 Bc3 44. Rxc5 Be1 45. Rxf5 Bb4 46. Re5 Bd6 47. Ra5 Bf4 48. Ra8# 1-0

[Event "Wch U12 blitz"]
[Site "Rhodes"]
[Date "2022.05.03"]
[Round "6"]
[White "Balint, Peter1111"]
[Black "Yu, Rock"]
[Result "0-1"]
[WhiteElo "1949"]
[BlackElo "1488"]
[PlyCount "104"]
[EventDate "2022.05.03"]
[EventType "swiss (blitz)"]
[EventRounds "9"]
[EventCountry "GRE"]
[SourceTitle "CBM 208 Extra"]
[Source "ChessBase"]
[SourceDate "2022.07.31"]
[SourceVersion "1"]
[SourceVersionDate "2022.07.31"]
[SourceQuality "1"]

1. e4 Nf6 2. e5 Nd5 3. c4 Nb6 4. d4 d6 5. exd6 cxd6 6. Nc3 g6 7. Nf3 Bg7 8. Be3 0-0 9. Be2 Nc6 10. 0-0 Bg4 11. b3 d5 12. c5 Nc8 13. Ne1 Bxe2 14. Nxe2 e6 15. Nc2 N8e7 16. f3 Nf5 17. Bf2 a5 18. a3 b6 19. b4 bxc5 20. bxc5 Rb8 21. Qd3 Qd7 22. g4 Nfe7 23. Bg3 e5 24. Rab1 f6 25. dxe5 fxe5 26. Ne3 d4 27. Nc4 Qd5 28. Rbc1 Qxc5 29. Nxe5 Nxe5 30. Rxc5 Nxd3 31. Bxb8 Nxc5 32. Bd6 Nb7 33. Bxe7 Re8 34. Nf4 Rxe7 35. Rd1 Nc5 36. Rc1 Ne6 37. Nd3 Rc7 38. Re1 Kf7 39. Rd1 Rc3 40. a4 Nc5 41. Nf4 Rxf3 42. Nd5 Nxa4 43. Kg2 Nc3 44. Rd2 Ne4 45. Ra2 Rb3 46. Rxa5 d3 47. Ra2 d2 48. Ra1 Rd3 49. Rf1+ Kg8 50. Ne7+ Kh8 51. Rb1 d1Q 52. Rb8+ Rd8 0-1

[Event "Wch U12 blitz"]
[Site "Rhodes"]
[Date "2022.05.03"]
[Round "2"]
[White "Erdogmus, Yagiz Kaan"]
[Black "Yu, Rock"]
[Result "1-0"]
[WhiteElo "1813"]
[BlackElo "1488"]
[PlyCount "63"]
[EventDate "2022.05.03"]
[EventType "swiss (blitz)"]
[EventRounds "9"]
[EventCountry "GRE"]
[SourceTitle "CBM 208 Extra"]
[Source "ChessBase"]
[SourceDate "2022.07.31"]
[SourceVersion "1"]
[SourceVersionDate "2022.07.31"]
[SourceQuality "1"]

1. e4 Nf6 2. e5 Nd5 3. d4 d6 4. c4 Nb6 5. exd6 cxd6 6. Nc3 g6 7. Be3 Bg7 8. Rc1 0-0 9. b3 N8d7 10. c5 dxc5 11. dxc5 Qc7 12. cxb6 Bxc3+ 13. Ke2 axb6 14. Qc2 Be5 15. Qxc7 Bxc7 16. Rxc7 Rxa2+ 17. Kf3 Rb2 18. Bc4 Ne5+ 19. Kg3 Nxc4 20. bxc4 e5 21. Nf3 f6 22. Bh6 Re8 23. Ra1 Be6 24. Ra7 Rb8 25. Rg7+ Kh8 26. Rgxb7 Rxb7 27. Rxb7 Bxc4 28. Bg7+ Kg8 29. Bxf6 e4 30. Ng5 Rb3+ 31. Kh4 h6 32. Rb8# 1-0

[Event "Wch U12 rapid"]
[Site "Rhodes"]
[Date "2022.05.01"]
[Round "3"]
[White "Yu, Rock"]
[Black "Korelskiy, Egor"]
[Result "1/2-1/2"]
[WhiteElo "1426"]
[BlackElo "1822"]
[PlyCount "86"]
[EventDate "2022.05.01"]
[EventType "swiss (rapid)"]
[EventRounds "9"]
[EventCountry "GRE"]
[SourceTitle "CBM 208 Extra"]
[Source "ChessBase"]
[SourceDate "2022.07.31"]
[SourceVersion "1"]
[SourceVersionDate "2022.07.31"]
[SourceQuality "1"]

1. c4 e6 2. Nc3 d5 3. d4 c6 4. Nf3 dxc4 5. e3 b5 6. a4 Bb4 7. Ne5 Bb7 8. Qf3 Qe7 9. Bd2 a6 10. Qg4 g6 11. h4 h5 12. Qe2 Nd7 13. Nxd7 Qxd7 14. Ne4 Be7 15. Nc5 Bxc5 16. dxc5 Qe7 17. Bc3 f6 18. Qc2 Kf7 19. b4 Nh6 20. Be2 Rhd8 21. g4 e5 22. gxh5 Rg8 23. hxg6+ Kg7 24. h5 Rgd8 25. e4 Bc8 26. Bd2 Rh8 27. 0-0-0 Be6 28. a5 Raf8 29. Bxh6+ Rxh6 30. Rd6 f5 31. Qc3 Bc8 32. f4 fxe4 33. fxe5 Be6 34. Qg3 c3 35. Qxc3 Qg5+ 36. Qd2 Qxe5 37. Rd7+ Bxd7 38. Qxd7+ Kg8 39. Rd1 Qc3+ 40. Kb1 Qxb4+ 41. Ka1 Qxa5+ 42. Kb1 Qb4+ 43. Ka1 Qa3+ 1/2-1/2

[Event "ENG-ch U10"]
[Site "Milton Keynes"]
[Date "2021.10.02"]
[Round "2"]
[White "Yu, Rock"]
[Black "Gushchin, Arseniy"]
[Result "0-1"]
[WhiteElo "1428"]
[BlackElo "1278"]
[PlyCount "126"]
[EventDate "2021.10.02"]
[EventType "swiss"]
[EventRounds "7"]
[EventCountry "ENG"]
[SourceTitle "EXT 2023"]
[Source "ChessBase"]
[SourceDate "2022.10.05"]
[SourceVersion "1"]
[SourceVersionDate "2022.10.05"]
[SourceQuality "1"]

1. c4 e6 2. Nc3 d5 3. cxd5 exd5 4. d4 Nf6 5. Bf4 c6 6. e3 Bb4 7. Bd3 Qa5 8. Nge2 Bg4 9. f3 Be6 10. Qc2 Nbd7 11. a3 c5 12. Kf2 Bxc3 13. Nxc3 c4 14. Be2 Nh5 15. Bg3 g6 16. e4 0-0 17. exd5 Bxd5 18. Nxd5 Qxd5 19. Qxc4 Qg5 20. Qc1 Qf6 21. Qd2 Rad8 22. Rad1 Nc5 23. Be5 Ne4+ 24. Kg1 Qxe5 25. dxe5 Nxd2 26. g3 Rfe8 27. f4 f6 28. Bxh5 gxh5 29. exf6 Ne4 30. Kg2 Nxf6 31. Kh3 Ng4 32. Rxd8 Rxd8 33. Kh4 Nf6 34. Kg5 Kg7 35. Re1 h6+ 36. Kf5 Rf8 37. Rc1 Ng4+ 38. Ke6 Rf6+ 39. Kd5 Rb6 40. b4 Nxh2 41. Rc7+ Kg6 42. Ke4 Nf1 43. f5+ Kf6 44. Kf3 Kxf5 45. Rc2 Rd6 46. Rf2 Kg5 47. Rxf1 Rf6+ 48. Kg2 Rxf1 49. Kxf1 Kg4 50. Kg2 h4 51. gxh4 Kxh4 52. Kf3 Kg5 53. Ke4 h5 54. Kd5 h4 55. Kd6 h3 56. Kc7 h2 57. Kxb7 h1Q+ 58. Kxa7 Qc6 59. Kb8 Qa4 60. Kb7 Qb5+ 61. Ka7 Kf4 62. Ka8 Ke3 63. Ka7 Ke4 0-1